000 00471nam a2200181Ia 4500
003 GCL
008 140319s9999 xx 000 0 eng d
040 _aGCL /
_cGCL
082 0 4 _a843
_bW R
100 1 _aWEYERGANS, FRANCOIS
245 1 0 _aLE RADEAU DE LA MEDUSE /
_cWEYERGANS, FRANCOIS
260 _a[S.N] :
_bFOLIO ،
_c1986
300 _a217 P
490 _aCOLLECTION FOLIO CLASSIQUE
_v0
650 0 4 _aLITERATURE
650 0 4 _aFRENCH LITERATURE
942 _2ddc
_cBK
999 _c21609
_d21609